[Event "Verona op 13th"]
[Site "Verona"]
[Date "2007.01.03"]
[Round "1"]
[White "Vezzosi, Paolo"]
[Black "Massa, Giovanni"]
[Result "1-0"]
[WhiteElo "2298"]
[BlackElo "2109"]
[PlyCount "69"]
[EventDate "2007.01.03"]
[EventType "swiss"]
[EventRounds "7"]
[EventCountry "ITA"]
[SourceTitle "CBM 116 Extra"]
[Source "ChessBase"]
[SourceDate "2007.03.07"]
[SourceVersion "1"]
[SourceVersionDate "2007.03.07"]
[SourceQuality "1"]

1. e4 c5 2. Nf3 e6 3. c3 Nf6 4. e5 Nd5 5. d4 cxd4 6. cxd4 b6 7. Nc3 Nxc3 8. bxc3 Qc7 9. Bd2 Bb7 10. Bd3 d6 11. 0-0 Nd7 12. Re1 dxe5 13. dxe5 Be7 14. Bg5 h6 15. Bxe7 Kxe7 16. Be4 Nc5 17. Bxb7 Nxb7 18. Nd4 Rhd8 19. Qf3 Rd5 20. Re4 Rc8 21. c4 Rd7 22. Rae1 Rcd8 23. Rf4 Rf8 24. h4 Na5 25. Nb5 Qc6 26. Qg4 Nxc4 27. a4 Nb2 28. Nd6 Nd3 29. Qxg7 Nxe5 30. Nf5+ exf5 31. Rxf5 Qd6 32. Rfxe5+ Kd8 33. Rd5 Qb4 34. Qf6+ Kc8 35. Qc6+ 1-0

[Event "Canarias en Red prel 4th"]
[Site "Playchess.com INT"]
[Date "2004.05.06"]
[Round "3"]
[White "Fedorovsky, Michael"]
[Black "Massa, Giovanni"]
[Result "1-0"]
[WhiteElo "2270"]
[BlackElo "2134"]
[PlyCount "27"]
[EventDate "2004.05.06"]
[EventType "swiss (blitz)"]
[EventRounds "13"]
[EventCountry "GER"]
[SourceTitle "EXT 2005"]
[Source "ChessBase"]
[SourceDate "2004.11.15"]
[SourceVersion "1"]
[SourceVersionDate "2004.11.15"]
[SourceQuality "1"]

1. d4 Nf6 2. c4 e6 3. Nc3 Bb4 4. Qc2 c5 5. dxc5 0-0 6. Nf3 Bxc5 7. Bg5 Be7 8. e3 b6 9. Rd1 Bb7 10. Be2 a6 11. 0-0 Qc7 12. Rd2 d5 13. cxd5 Nxd5 14. Nxd5 1-0

[Event "ITA-chT A1 34th"]
[Site "Italy"]
[Date "2004.04.17"]
[Round "4"]
[White "Lapiccirella, Mattia"]
[Black "Massa, Giovanni"]
[Result "1/2-1/2"]
[WhiteElo "2191"]
[BlackElo "2090"]
[PlyCount "59"]
[EventDate "2004.03.06"]
[EventType "team"]
[EventRounds "5"]
[EventCountry "ITA"]
[SourceTitle "EXT 2007"]
[Source "ChessBase"]
[SourceDate "2006.11.23"]
[SourceVersion "1"]
[SourceVersionDate "2006.11.23"]
[SourceQuality "1"]

1. d4 d5 2. c4 e6 3. Nc3 c5 4. cxd5 exd5 5. Nf3 Nc6 6. g3 Nf6 7. Bg2 Be7 8. 0-0 0-0 9. Bg5 cxd4 10. Nxd4 h6 11. Be3 Re8 12. Rc1 Bf8 13. Nxc6 bxc6 14. Bd4 Bg4 15. f3 Bd7 16. Na4 Nh7 17. Qd2 Ng5 18. Nc5 Bh3 19. e3 Qc8 20. Rc3 Bxg2 21. Kxg2 Qh3+ 22. Kg1 Bd6 23. Qg2 Bxc5 24. Bxc5 Qxg2+ 25. Kxg2 Ne6 26. Kf2 Nxc5 27. Rxc5 Rab8 28. b3 Re6 29. Rfc1 Rbe8 30. Rxc6 1/2-1/2

[Event "ITA-chT A1 34th"]
[Site "Italy"]
[Date "2004.03.06"]
[Round "1"]
[White "Massa, Giovanni"]
[Black "Arlandi, Ennio"]
[Result "0-1"]
[WhiteElo "2090"]
[BlackElo "2431"]
[PlyCount "126"]
[EventDate "2004.03.06"]
[EventType "team"]
[EventRounds "5"]
[EventCountry "ITA"]
[SourceTitle "EXT 2007"]
[Source "ChessBase"]
[SourceDate "2006.11.23"]
[SourceVersion "1"]
[SourceVersionDate "2006.11.23"]
[SourceQuality "1"]

1. e4 c5 2. Nf3 e6 3. d4 cxd4 4. Nxd4 Nf6 5. Nc3 d6 6. Be3 a6 7. Qd2 b5 8. f3 Nbd7 9. g4 h6 10. 0-0-0 Bb7 11. h4 b4 12. Na4 Qa5 13. b3 Nc5 14. a3 Nxa4 15. axb4 Qc7 16. bxa4 d5 17. e5 Nd7 18. f4 Nb6 19. f5 Nxa4 20. fxe6 Nc3 21. exf7+ Kxf7 22. Bd3 Bxb4 23. Qf2+ Kg8 24. Rdf1 Ba3+ 25. Kd2 Ne4+ 26. Bxe4 dxe4 27. Qf5 Bd5 28. e6 Bc4 29. Qg6 Bxf1 30. Rxf1 Rd8 31. Rf7 Qe5 32. c3 Rh7 33. Rd7 Qh2+ 34. Ne2 Rb8 35. Qf7+ Kh8 36. Rb7 Qd6+ 37. Nd4 Rf8 38. Qd7 Qh2+ 39. Ne2 Bc1+ 40. Kxc1 Qxe2 41. Qd2 Qxd2+ 42. Kxd2 g5 43. Bd4+ Kg8 44. Rxh7 Kxh7 45. hxg5 Re8 46. gxh6 Kxh6 47. Be3+ Kg6 48. c4 Rxe6 49. c5 Kf6 50. Kc3 Ke5 51. Kc4 Re8 52. g5 Rg8 53. Bd2 Rd8 54. Bc3+ Kf5 55. c6 e3 56. Kc5 Ke6 57. g6 Rg8 58. g7 e2 59. Kb6 Rxg7 60. Kxa6 Rg3 61. Bb4 Rb3 62. Ba5 Kd6 63. c7 Kd7 0-1

[Event "Genova Ducale op"]
[Site "Genova"]
[Date "2003.09.28"]
[Round "9"]
[White "Piccardo, Marco"]
[Black "Massa, Giovanni"]
[Result "1-0"]
[WhiteElo "2196"]
[BlackElo "2136"]
[PlyCount "85"]
[EventDate "2003.09.??"]
[EventType "swiss"]
[EventRounds "9"]
[EventCountry "ITA"]
[SourceTitle "EXT 2005"]
[Source "ChessBase"]
[SourceDate "2004.11.15"]
[SourceVersion "1"]
[SourceVersionDate "2004.11.15"]
[SourceQuality "1"]

1. d4 Nf6 2. Nf3 g6 3. Bf4 Bg7 4. e3 0-0 5. Be2 d5 6. h3 Nbd7 7. Nbd2 b6 8. 0-0 Bb7 9. a4 a5 10. c3 Ne4 11. Qc2 Nxd2 12. Qxd2 Re8 13. Rfc1 e5 14. Bh2 Qe7 15. Bf1 Rad8 16. Rab1 e4 17. Ne1 c5 18. Bb5 Rc8 19. Nc2 Red8 20. b4 axb4 21. cxb4 c4 22. a5 bxa5 23. bxa5 Nb8 24. Nb4 Bc6 25. Nxc6 Nxc6 26. Ba6 Ra8 27. Bb7 Nxa5 28. Bxa8 Rxa8 29. Ra1 Qd8 30. Qa2 Ra7 31. Qa4 Qa8 32. Qb5 Bf8 33. Rcb1 Nb3 34. Rxa7 Qxa7 35. Qxd5 Qa2 36. Rf1 Qe2 37. Bd6 Bxd6 38. Qxd6 Nd2 39. Ra1 Kg7 40. Qe5+ Kh6 41. Qf6 c3 42. Qxf7 Qb5 43. Qf8+ 1-0

[Event "Genova Ducale op"]
[Site "Genova"]
[Date "2003.09.23"]
[Round "3"]
[White "Bertino, Andrea"]
[Black "Massa, Giovanni"]
[Result "1-0"]
[WhiteElo "2016"]
[BlackElo "2136"]
[PlyCount "43"]
[EventDate "2003.09.??"]
[EventType "swiss"]
[EventRounds "9"]
[EventCountry "ITA"]
[SourceTitle "EXT 2005"]
[Source "ChessBase"]
[SourceDate "2004.11.15"]
[SourceVersion "1"]
[SourceVersionDate "2004.11.15"]
[SourceQuality "1"]

1. d4 Nf6 2. Nf3 e6 3. c4 b6 4. Nc3 Bb4 5. Bg5 Bb7 6. e3 h6 7. Bh4 g5 8. Bg3 Ne4 9. Qc2 Bxc3+ 10. bxc3 d6 11. Bd3 f5 12. d5 exd5 13. cxd5 Bxd5 14. Nd4 Qf6 15. f3 Nxg3 16. hxg3 Nd7 17. Bxf5 0-0-0 18. g4 Kb8 19. Bxd7 Rxd7 20. Qf5 Qe5 21. Kf2 Rf7 22. Qxf7 1-0

[Event "ITA-chT Serie A1 Nord"]
[Site "Monselice"]
[Date "2003.03.29"]
[Round "4.3"]
[White "Massa, Giovanni"]
[Black "Ortega, Lexy"]
[Result "1/2-1/2"]
[WhiteElo "2110"]
[BlackElo "2452"]
[PlyCount "39"]
[EventDate "2003.03.28"]
[EventType "team"]
[EventRounds "5"]
[EventCountry "ITA"]
[SourceTitle "EXT 2005"]
[Source "ChessBase"]
[SourceDate "2004.11.15"]
[SourceVersion "1"]
[SourceVersionDate "2004.11.15"]
[SourceQuality "1"]

1. e4 c5 2. Nf3 e6 3. d4 cxd4 4. Nxd4 a6 5. Bd3 Bc5 6. Nb3 Ba7 7. 0-0 Nc6 8. Qe2 d6 9. c4 Nf6 10. Be3 0-0 11. Nc3 Bxe3 12. Qxe3 Ne5 13. Rac1 Qc7 14. Rfd1 Nfg4 15. Qe2 Nxd3 16. Rxd3 Ne5 17. Rd4 Nc6 18. Rdd1 Ne5 19. Rd4 Nc6 20. Rdd1 1/2-1/2

[Event "Ducale op 10th"]
[Site "Genova"]
[Date "2002.12.01"]
[Round "9"]
[White "Puglisi, Vincenzo"]
[Black "Massa, Giovanni"]
[Result "0-1"]
[WhiteElo "2115"]
[BlackElo "2096"]
[PlyCount "34"]
[EventDate "2002.11.25"]
[EventType "swiss"]
[EventRounds "9"]
[EventCountry "ITA"]
[SourceTitle "CBM 091 Extra"]
[Source "ChessBase"]
[SourceDate "2003.01.09"]
[SourceVersion "1"]
[SourceVersionDate "2003.01.09"]
[SourceQuality "1"]

1. e4 c5 2. Nf3 Nc6 3. d4 cxd4 4. Nxd4 g6 5. Be3 Nf6 6. Nc3 Bg7 7. f4 d6 8. Bb5 Bd7 9. Be2 0-0 10. 0-0 Qb6 11. e5 dxe5 12. fxe5 Nxe5 13. Nf5 Qxb2 14. Nxe7+ Kh8 15. Bd4 Qb4 16. Rxf6 Bxf6 17. Bxe5 Qc5+ 0-1

[Event "Imperia op-A 44th"]
[Site "Imperia"]
[Date "2002.09.01"]
[Round "1"]
[White "Massa, Giovanni"]
[Black "Kljako, Damir"]
[Result "1/2-1/2"]
[WhiteElo "2110"]
[BlackElo "2229"]
[PlyCount "44"]
[EventDate "2002.09.01"]
[EventType "swiss"]
[EventRounds "9"]
[EventCountry "ITA"]
[SourceTitle "EXT 2007"]
[Source "ChessBase"]
[SourceDate "2006.11.23"]
[SourceVersion "1"]
[SourceVersionDate "2006.11.23"]
[SourceQuality "1"]

1. e4 g6 2. d4 Bg7 3. Nc3 d6 4. Nf3 c6 5. a4 a5 6. h3 Qc7 7. Be3 Nf6 8. Be2 0-0 9. 0-0 e5 10. dxe5 dxe5 11. Bc4 Na6 12. Qe2 Nd7 13. Nd2 Ndc5 14. Rfd1 Re8 15. f3 Bf8 16. Qf2 b6 17. Nb3 Rb8 18. Rd2 Nxb3 19. Bxb3 Bc5 20. Bc4 Bxe3 21. Qxe3 Nc5 22. Rad1 Kg7 1/2-1/2

[Event "Genova op"]
[Site "Genova"]
[Date "2001.11.24"]
[Round "8"]
[White "Massa, Giovanni"]
[Black "Isonzo, Davide"]
[Result "0-1"]
[WhiteElo "2157"]
[BlackElo "2315"]
[PlyCount "38"]
[EventDate "2001.11.19"]
[EventType "swiss"]
[EventRounds "9"]
[EventCountry "ITA"]
[SourceTitle "CBM 085 Extra"]
[Source "ChessBase"]
[SourceDate "2002.01.21"]
[SourceVersion "1"]
[SourceVersionDate "2002.01.21"]
[SourceQuality "1"]

1. e4 e5 2. Nf3 Nc6 3. Bb5 Bc5 4. 0-0 d6 5. c3 Bd7 6. d4 Bb6 7. h3 Nf6 8. Re1 h6 9. Na3 0-0 10. Nc2 Re8 11. Qd3 a6 12. Bxc6 Bxc6 13. d5 Bd7 14. Nh2 c6 15. c4 cxd5 16. cxd5 Rc8 17. Be3 Bb5 18. Bxb6 Bxd3 19. Bxd8 Rexd8 0-1

[Event "Imperia op-A 42nd"]
[Site "Imperia"]
[Date "2000.09.10"]
[Round "9"]
[White "Poloch, Petr"]
[Black "Massa, Giovanni"]
[Result "1-0"]
[WhiteElo "2323"]
[BlackElo "2132"]
[PlyCount "71"]
[EventDate "2000.09.03"]
[EventType "swiss"]
[EventRounds "9"]
[EventCountry "ITA"]
[SourceTitle "EXT 2001"]
[Source "ChessBase"]
[SourceDate "2000.11.22"]
[SourceVersion "1"]
[SourceVersionDate "2000.11.22"]
[SourceQuality "1"]

1. e4 c5 2. Nf3 e6 3. d3 d5 4. Nbd2 Nc6 5. g3 Bd6 6. Bg2 Nge7 7. 0-0 0-0 8. Nh4 Bc7 9. f4 f6 10. c3 b6 11. exd5 exd5 12. Ndf3 Be6 13. d4 c4 14. h3 Qd7 15. g4 b5 16. f5 Bf7 17. Qc2 h6 18. Bh1 Bd6 19. Be3 b4 20. Qd2 Rfe8 21. Bxh6 gxh6 22. Qxh6 Nc8 23. Qxf6 Qe7 24. Qxe7 Rxe7 25. g5 Nb6 26. g6 Be8 27. f6 Re2 28. Rf2 Rxf2 29. Kxf2 Bd7 30. Ng5 Bf4 31. Nh7 Bxh3 32. Re1 Nd7 33. Nf5 Bxf5 34. Re8+ Rxe8 35. f7+ Kg7 36. fxe8Q 1-0

[Event "Imperia op-A 42nd"]
[Site "Imperia"]
[Date "2000.09.05"]
[Round "3"]
[White "Blasco, Domenico"]
[Black "Massa, Giovanni"]
[Result "0-1"]
[WhiteElo "2070"]
[BlackElo "2130"]
[PlyCount "134"]
[EventDate "2000.09.03"]
[EventType "swiss"]
[EventRounds "9"]
[EventCountry "ITA"]
[SourceTitle "EXT 2001"]
[Source "ChessBase"]
[SourceDate "2000.11.22"]
[SourceVersion "1"]
[SourceVersionDate "2000.11.22"]
[SourceQuality "1"]

1. d4 d5 2. e3 Nf6 3. Bd3 c5 4. c3 Nc6 5. f4 Bg4 6. Nf3 e6 7. Nbd2 Be7 8. 0-0 0-0 9. Qe1 Bxf3 10. Rxf3 Nd7 11. g4 g6 12. g5 f5 13. b3 Rc8 14. Bb2 Rf7 15. Rc1 Bf8 16. Rf2 Bg7 17. Nf3 a6 18. Bb1 b5 19. c4 bxc4 20. bxc4 dxc4 21. Rxc4 Bf8 22. dxc5 Qa5 23. Qxa5 Nxa5 24. Ra4 Rxc5 25. Bd4 Nb6 26. Bxc5 Nxa4 27. Bxf8 Rxf8 28. Nd4 Nc4 29. Bd3 Nxe3 30. Re2 Rd8 31. Rxe3 Rxd4 32. Bxa6 Nc5 33. Bc8 Rxf4 34. Rc3 Rg4+ 35. Kf1 Rf4+ 36. Ke2 Re4+ 37. Kf3 Na4 38. Ra3 Nb6 39. Bb7 Rh4 40. Rb3 Nd7 41. Rb2 Ne5+ 42. Kg2 Rg4+ 43. Kf1 Rxg5 44. a4 Nc4 45. Ra2 Na5 46. Bc8 Kf7 47. Re2 f4 48. Bxe6+ Kf6 49. Bd7 Rd5 50. Bb5 g5 51. Re8 g4 52. Ra8 Nb3 53. Ke1 h5 54. Bc4 Re5+ 55. Kf2 Na5 56. Bb5 Nb7 57. Bc6 Nc5 58. Rd8 Ne4+ 59. Bxe4 Rxe4 60. a5 Kg5 61. Rd5+ Kh4 62. Rb5 Ra4 63. Rc5 g3+ 64. hxg3+ fxg3+ 65. Kg2 Rf4 66. a6 Rf2+ 67. Kg1 Ra2 0-1